000
00332 a2200145 4500
001
151787
040
_c
Escola São Tomás de Aquino
100
_a
PASSOS, Edson Rodrigues dos
240
1
0
_a
Nós e os outros
_l
por
245
1
0
_a
Nós e os outros
300
_a
120
362
0
_a
2008
697
_a
*LITERATURA JUVENIL
942
_c
BK
999
_c
151787
_d
151787